Vista normal
Vista MARC
Entrada Personal Name
Número de registros utilizados en: 2
001 - CONTROL NUMBER
- control field: 9619
003 - CONTROL NUMBER IDENTIFIER
- control field: DLC
005 - DATE AND TIME OF LATEST TRANSACTION
- control field: 20240213093218.0
008 - FIXED-LENGTH DATA ELEMENTS
- fixed length control field: 180201n| azannaabn |a aaa c
010 ## - LIBRARY OF CONGRESS CONTROL NUMBER
- LC control number: ns2018000197
035 ## - SYSTEM CONTROL NUMBER
- System control number: (CaEvSKY)skya11582643
040 ## - CATALOGING SOURCE
- Original cataloging agency: MX-SlUA
- Language of cataloging: spa
- Description conventions: rda
- Transcribing agency: Mx-PuUPA
- Modifying agency: Mx-PuUPA
100 1# - HEADING--PERSONAL NAME
- Personal name: Tapia Iturriaga, Carmen Karina,
372 ## - FIELD OF ACTIVITY
- Field of activity: Contabilidad
374 ## - OCCUPATION
- Occupation: Autor
375 ## - GENDER
- Gender: mujer
377 ## - ASSOCIATED LANGUAGE
- Language code: spa
400 1# - SEE FROM TRACING--PERSONAL NAME
- Personal name: Iturriaga, Carmen Karina Tapia
670 ## - SOURCE DATA FOUND
- Source citation: Síntesis y comentarios de las NIF, 2017:
- Information found: title page (Carmen Karina Tapia Iturriaga)
670 ## - SOURCE DATA FOUND
- Source citation: Contabilidad financiera a largo plazo, 2013:
- Information found: t.p. (Carmen Karina Tapia Iturriaga)